00514nam a2200169Ia 450000500170000000800410001704000190005804100120007708200160008910000200010524500770012526000380020230000290024050400500026965000150031985000100033420230603120512.0131103s9999 xx 000 0 und d aLoreto College aEnglish a338.09bSMI aSmith, David m. aIndustrial locationb An economic geographical analysis cDavid M. Smith aNew YorkbJohn Wiley & Sonsc1971 axii,553p.b maps, charts aIncludes bibliographical references and index aIndustries aLCLIB